Original "A Geography Chain" - Statistics

General Stats
  • This quiz has been taken 140 times
  • The average score is 17 of 21
Answer Stats
Hint Answer % Correct
Canberra is the capital Australia
99%
Continent where you would find Tajikistan Asia
98%
European country with similar name to above Austria
98%
Continent made into a Toto tune Africa
93%
Smallest country on the Iberian Peninsula Andorra
93%
City home to the world's busiest airport Atlanta
93%
If this continent keeps melting, some islands may vanish Antarctica
92%
The Kardashian family is from this country Armenia
92%
Balkan country that was not part of Yugoslavia Albania
91%
Largest country by area on the Toto continent above Algeria
91%
Tina Fey can see Russia from this state Alaska
88%
This US state's name looks like it means "dry area" Arizona
88%
West of Zambia, north of Namibia Angola
87%
Province home to Calgary Alberta
85%
The Taj Mahal is here Agra
79%
Andrew Lloyd Webber wrote a musical about the former first lady of this country Argentina
78%
Eastern Caribbean island pair Antigua and Barbuda
71%
Grateful Dead's "____________ Getaway" (Also a sweet home) Alabama
64%
The capital of Borat's homeland Astana
57%
The capital of Maine or a city in Georgia Augusta
57%
Capital of the country that has also a city named "Batman" Ankara
50%
No matching quizzes found
Score Distribution
Percent of People with Each Score
Percentile by Number Answered
Your Score History
You have not taken this quiz